victorious quiz - Statistics

General Stats
  • This quiz has been taken 526 times
  • The average score is 6 of 15
Answer Stats
Hint Answer % Correct
where is beck from canada
90%
who got the whole gang put in prison robbie
79%
becks friend from canada? Moose
58%
jade realized sinjin was in her house when she saw her lamp
55%
who said this "cat don't turn on 21" jade
54%
who was the guy that tori and cat both dated daniel
53%
what did Jade cut up with scissors in the janitors closet trashcan
52%
sikowitz first name? Erwin
51%
who really likes lotion lane
38%
what was jades sweater made of that rex complimented her on puppet hair
28%
what part of the song forever baby is Rex's fav the chorus
27%
what kind of animal does Cat sometimes carry around Girrafe
22%
what were the bouncy shoes cat wore called jupiter boots
17%
what can sikowitz not eat dairy
13%
how did that person get the whole gang put in prison killed an octopus
8%
No matching quizzes found
Score Distribution
Percent of People with Each Score
Percentile by Number Answered
Your Score History
You have not taken this quiz